LEADER 01044nam a2200253 i 4500 001 000000137939 003 CaOOAMICUS 005 20050423000000.0 008 050423s1979 it u000 u ita u 013 $a111797 040 $aSeMil$bita 245 10$aDalla logica alla metalogica :$bscritti fondamentali di logica matematica /$ca cura di Ettore Casari. 260 $aFirenze :$bSansoni,$ccopyr. 1979. 300 $a269 p. ;$c24 cm. 490 0 $aManuali Sansoni 500 $aContiene : Bibliografia. 650 4$aLogica matematica.$0(OLS)http://semarc/subject/3241 700 1 $aCasari, Ettore.$0(OLS)http://semarc/name/35029 830 0$aManuali Sansoni.$0(OLS)http://semarc/title/17753 850 $aSeMil 852 $aSeMil$W1$xVenegono$y1$m66 60 1 *$j91455$B91455$CSeMilBibl$Z2$F96442 $81 961 $aLascito: Corradi mons. Enrico 996 $6245$aDalla logica alla metalogica :$bscritti fondamentali di logica matematica$9(OLS)http://semarc/title/201586 996 $6260$aFirenze :$bSansoni$9(OLS)http://semarc/publisher/29843 LEADER 01301nam a2200301 i 4500 001 000000099764 003 CaOOAMICUS 005 20180322000000.0 008 180322s1986 it u000 u ita u 013 $a71916 020 $a88-384-6558-4 040 $aSeMil$bita 100 1 $aPadovese, Luigi,$c.$0(OLS)http://semarc/name/5050 245 12$aI testimoni della speranza :$bi Padri e San Francesco /$cLuigi Padovese. 260 $aCasale Monferrato :$bPiemme,$ccopyr. 1986. 300 $a188 p. ;$c21 cm. 490 0 $aMeditazioni e temi 600 04$aFrancesco : d'Assisi .$0(OLS)http://semarc/subject/1416 650 4$aPatristica.$0(OLS)http://semarc/subject/3585 650 4$aTeologia.$0(OLS)http://semarc/subject/27 650 4$aSperanza.$0(OLS)http://semarc/subject/7859 830 0$aMeditazioni e temi.$0(OLS)http://semarc/title/12161 850 $aSeMil 852 $aSeMil$W1$xVenegono$y1$m3H V 392$j57156$B57156$CSeMilBibl$Z2$F67275 $81 961 $aRecupero: Seminario di Seveso 996 $6020$a88-384-6558-4$9(OLS)http://semarc/number/79823 996 $6245$aI testimoni della speranza :$bi Padri e San Francesco$9(OLS)http://semarc/title/406575 996 $6260$aCasale Monferrato :$bPiemme$9(OLS)http://semarc/publisher/29798